Statistics for British/English Royal Family.

Click here to take the quiz!

General Stats

  • This quiz has been taken 6 times
  • The average score is 13 of 22

Answer Stats

HintAnswer% Correct
1558-1603Elizabeth I
83%
1485-1509Henry VII
83%
1509-1547Henry VIII
83%
1936-1936Edward VIII
67%
1952-?Elizabeth II
67%
1910-1936George V
67%
1936-1952George VI
67%
1553-1558Mary
67%
1837-1901Victoria
67%
1702-1714Anne
50%
1625-1649Charles I
50%
1660-1685Charles II
50%
1547-1553Edward VI
50%
1901-1910Edward VII
50%
1727-1760George II
50%
1760-1820George III
50%
1603-1625James I
50%
1685-1688James II
50%
1689-1702William III
50%
1714-1727George I
33%
1820-1830George IV
33%
1830-1837William IV
33%

Score Distribution

Percentile by Number Answered

Percent of People with Each Score

Your Score History

You have not taken this quiz